000
00307nam a22001337a 4500
008
180918b xxu||||| |||| 00| 0 eng d
020
_a
9780071454285
041
_a
eng
080
_2
11 ED
_a
610
100
_a
4
101
_a
SHM
245
_a
Clinical Pocket Reference
_c
Gomella.L.G
942
_2
udc
_c
BK
999
_c
47919
_d
47919